000
00257nam a2200109Ia 4500
008
230303s9999 xx 000 0 und d
041
_a
eng
100
_a
HIOKI (WARNER)
245
_a
Telecommunications
260
_b
UPPER SADDLEPRENTICE HALL
365
_c
RS
999
_c
178890
_d
178890